Vastaus on luku - 3 elämää - Statistics

Yleistilastot
  • Tätä visaa on pelattu 4 073 kertaa
  • Keskiarvotulos 9 / 28
Vastaustilastot
Vihje Luku % Oikein
Suomen rajanaapurit 3
98%
Aurinkokunnan planeetat 8
82%
Olympialaisten lipun renkaat 5
79%
Antiikin ihmeet 7
60%
Kirjaimella Q alkavat valtiot 1
43%
Itsenäiset Pohjoismaat 5
43%
Yhdistyneen kuningaskunnan "maat" 4
40%
"Ocho" espanjaksi, "Acht" saksaksi 8
37%
Kuution tahkot 6
36%
Suomen pääkaupunkiseudun kunnat 4
34%
32 9
32%
III + VI 9
26%
Norjan lipun värit 3
25%
Tylypahkan tuvat 4
25%
Puhtaan veden pH-arvo 7
25%
Ydinpommien tuhoamat kaupungit 2
22%
4 2
20%
Muusikot kvartetissa 4
18%
Kuolemansynnit 7
18%
Kirjaimella X alkavat valtiot 0
17%
"stan"-valtiot 6
16%
Suomen miesten jalkapallon MM-esiintymiset 0
15%
Maapallon luonnolliset kiertolaiset 1
15%
Haitin naapurimaat 1
15%
Pyreneillä sijaitsevat valtiot 3
12%
Samanväriset sotilaat shakissa 8
12%
Pohjois-Amerikan Isotjärvet 5
9%
Afrikan saarivaltiot 6
7%
Ehtoja vastaavia visoja ei löytynyt
Tulosjakauma
Jokaisen tuloksen saaneiden osuus
Persentiili vastausten määrän mukaan
Tuloshistoriasi
Et ole pelannut tätä visaa